Mathematical Foundations of Quantum Mechanics. (Record no. 3658)

MARC details
000 -LEADER
fixed length control field 00790cam a22002891 4500
001 - CONTROL NUMBER
control field 9786623
003 - CONTROL NUMBER IDENTIFIER
control field OSt
005 - DATE AND TIME OF LATEST TRANSACTION
control field 20180824144541.0
008 - FIXED-LENGTH DATA ELEMENTS--GENERAL INFORMATION
fixed length control field 730115s1955 njua 000 0 eng
010 ## - LIBRARY OF CONGRESS CONTROL NUMBER
LC control number 53010143
015 ## - NATIONAL BIBLIOGRAPHY NUMBER
National bibliography number GB55-8622
020 ## - INTERNATIONAL STANDARD BOOK NUMBER
International Standard Book Number 0691028931
035 ## - SYSTEM CONTROL NUMBER
System control number (OCoLC)537169
040 ## - CATALOGING SOURCE
Original cataloging agency DLC
Transcribing agency ODaWU
Modifying agency OCoLC
-- MnU
-- Uk
-- DLC
041 1# - LANGUAGE CODE
Language code of text/sound track or separate title engger
042 ## - AUTHENTICATION CODE
Authentication code premarc
050 00 - LIBRARY OF CONGRESS CALL NUMBER
Classification number QC174.3
Item number .V613
082 ## - DEWEY DECIMAL CLASSIFICATION NUMBER
Classification number 531
Item number NEU 1996
100 1# - MAIN ENTRY--PERSONAL NAME
Personal name Neumann, Von John,
9 (RLIN) 8137
245 10 - TITLE STATEMENT
Title Mathematical Foundations of Quantum Mechanics.
260 ## - PUBLICATION, DISTRIBUTION, ETC. (IMPRINT)
Name of publisher, distributor, etc. Princeton University Press,
Date of publication, distribution, etc. 1996.
300 ## - PHYSICAL DESCRIPTION
Extent 445 p;
Other physical details ill:
Dimensions 23 cm.
650 #0 - SUBJECT ADDED ENTRY--TOPICAL TERM
Topical term or geographic name as entry element Mathematics
9 (RLIN) 8138
650 #0 - SUBJECT ADDED ENTRY--TOPICAL TERM
Topical term or geographic name as entry element Quantum mechanics.
9 (RLIN) 4185
906 ## - LOCAL DATA ELEMENT F, LDF (RLIN)
a 7
b cbc
c oclcrpl
d u
e ncip
f 19
g y-gencatlg
942 ## - ADDED ENTRY ELEMENTS (KOHA)
Source of classification or shelving scheme Dewey Decimal Classification
Koha item type Short Loan
Holdings
Withdrawn status Lost status Source of classification or shelving scheme Damaged status Not for loan Home library Current library Date acquired Inventory number Total Checkouts Full call number Barcode Date last seen Price effective from Koha item type
    Dewey Decimal Classification     MUST Main Library MUST Main Library 20/04/2016 2001/16002   531 NEU 1996 2016-1087 20/04/2016 20/04/2016 Short Loan
    Dewey Decimal Classification     MUST Main Library MUST Main Library 27/04/2016 2001/16003   531 NEU 1996 2016-1483 27/04/2016 27/04/2016 Short Loan